Note on the Application of Divergent Series for Finding a Particular Solution to a Nonhomogeneous Linear Ordinary Differential Equation With Constant Coefficients

Metódy na nájdenie konkrétneho riešenia nehomogénnej lineárnej obyčajnej diferenciálnej rovnice (ODE) s konštantnými koeficientmi. Nájdenie konkrétneho riešenia, ak je príslušná nekonečná rada divergentná, pričom sa používajú iba pojmy tejto série a metóda súčtu divergentných radov. Metóda neurčitýc...

Description complète

Enregistré dans:
Détails bibliographiques
Auteur principal: Fecenko, Jozef
Format: Chapitre de livre
Langue:anglais
Sujets:
Tags: Ajouter un tag
Pas de tags, Soyez le premier à ajouter un tag!

MARC

LEADER 00000naa a2200000 4500
001 0272539
005 20240502083830.4
041 0 |a eng 
044 |a US 
245 1 0 |a Note on the Application of Divergent Series for Finding a Particular Solution to a Nonhomogeneous Linear Ordinary Differential Equation With Constant Coefficients  |c Jozef Fecenko 
520 |a Metódy na nájdenie konkrétneho riešenia nehomogénnej lineárnej obyčajnej diferenciálnej rovnice (ODE) s konštantnými koeficientmi. Nájdenie konkrétneho riešenia, ak je príslušná nekonečná rada divergentná, pričom sa používajú iba pojmy tejto série a metóda súčtu divergentných radov. Metóda neurčitých koeficientov, metóda Laplaceovej transformácie a metóda diferenciálneho operátora. 
610 2 0 |a matematika 
610 2 0 |a rovnice lineárne 
610 2 0 |a rovnice diferenciálne 
100 1 |a Fecenko, Jozef